000 01989cam a22005774i 4500
003 PE-LiUPU
005 20250731170421.0
008 150623s1999 ag r 000 0 spa d
020 _a9505734824
020 _a9789505734825
035 _a(Sirsi) i9789505734825
040 _aPE-LiUPU
_bspa
_cPE-LiUPU
_dPE-LiUPU
_erda
049 _aPRUA
082 0 4 _a155.5
_bP39
_221
100 1 _aPelt, Nancy Van,
_eautor.
245 1 3 _aEl desarrollo integral de los adolescentes :
_bguía para la adolescencia: especialmente para los niños y niñas de 9 a 14 años /
_cNancy Van Pelt.
264 1 _aBuenos Aires :
_bAsociación Casa Editora Sudamericana,
_c1999.
300 _a112 páginas ;
_c21 centímetros
336 _atext
_2rdacontent
337 _aunmediated
_2rdamedia
338 _avolume
_2rdacarrier
505 0 _aIntroducción para los padres -- Que es la pubertad -- El niño preadolescente -- La niña preadolescente -- Temas difíciles que preocupan a los preadolescentes -- El mundo del preadolescente.
526 _aSEG68
526 _aSEG70
526 _aSEG69
526 _aSEG67
526 _aSEG43
526 _aP144
526 _aP143
526 _aP131
526 _aP122
526 _aP120
526 _aP117
526 _aP112
526 _aP110
526 _aP106
526 _aP101
526 _aP80
526 _aP59
526 _aP54
526 _aP35
526 _aP33
526 _aP30
650 0 4 _aPsicología del adolescente.
942 _2ddc
_cBOOK
949 _a155.5 P39
_wDEWEY
_c1
_i48525
_lCCODEBUL1
_mBUL
_r0
_sY
_tBOOK
_u2015-6-24
_xTEOLOGIA
_PP35
_0COMPRA
_o.STAFF. Colección Ciencias de la Salud
994 _aC0
_bPEPRU
596 _a1
999 _a155.5 P39
_wDEWEY
_c27696
_i48525
_d27696
_e2018-4-16
_f2021-11-3
_g5
_lCCODEBUL1
_mBUL
_n2
_p11.20
_q1
_r0
_sY
_tBOOK
_u2015-6-24
_xSALUD
_zP35
_0COMPRA
_o.STAFF. Colección Ciencias de la Salud
980 _81
_gALBERTO SANCHEZ Responsable de Automatización